000
00338nam a2200133Ia 4500
008
231129s9999||||xx |||||||||||||| ||spa||
020
_a
84-7634-364-7
040
_b
spa
082
_a
193 S861u
100
_a
Stirner Max
245
0
_a
El Ășnico y su propiedad
264
_a
Orbis
942
_2
ddc
_c
BKS
999
_c
12623
_d
12623